Statistics for Without Me - Eminem Lyrics

Click here to take the quiz!

General Stats

  • This quiz has been taken 583 times
  • The average score is 517 of 774

Answer Stats

Lyrics% Correct
a
95%
A
95%
I
95%
me
94%
me?
94%
me,
94%
me;
94%
the
91%
The
91%
So
90%
so
90%
wit'
90%
no
89%
with
89%
who
88%
without
85%
You
85%
you
85%
you,
85%
this
84%
This
84%
we
84%
go
83%
go,
83%
it
83%
'Cause
82%
'cause
82%
little
82%
Little
82%
Shady,
82%
to
82%
To
82%
back
81%
back,
81%
Back
81%
back?
81%
empty
81%
two
81%
Two
81%
when
80%
When
80%
Feel
79%
just
79%
Ever
78%
For
78%
for
78%
Guess
78%
see
78%
See
78%
who's
78%
be
77%
feels
77%
girls
77%
on
77%
everybody,
76%
Everybody
76%
I'm
76%
like
76%
outside,
76%
outside
76%
They
76%
they
76%
want
76%
again
75%
follow
75%
free
75%
job,
75%
job
75%
do
74%
of
74%
Round
74%
round
74%
bit
73%
looks
73%
monster,
73%
park
73%
tell
73%
and
72%
And
72%
controversy
72%
created
72%
friend
72%
is
72%
need
72%
nobody
72%
Shady's
72%
wants
72%
But,
71%
But
71%
trailer
71%
your
71%
give
70%
na
70%
I've
69%
my
69%
Now
69%
now
69%
Some
69%
some
69%
that
69%
that,
69%
what
69%
get
68%
more;
68%
Fuck
67%
fuck
67%
Marshall
67%
if
66%
let
66%
I'll
65%
then
65%
in,
64%
in
64%
In
64%
Elvis
63%
liver
63%
at
62%
La
62%
la
62%
la,
62%
list
62%
not
62%
won't
62%
ya
62%
Come
61%
shit,
61%
shit
61%
as
60%
listen
60%
operating
60%
Well,
60%
chopped
59%
MTV
59%
table
59%
down
58%
heart
58%
he's
58%
mixed
58%
start
58%
tit
58%
doctor
57%
got
57%
hard
57%
kids
57%
Kids!
57%
kid's
57%
know
57%
lips
57%
liquor
57%
while
57%
about
56%
ass
56%
FCC
56%
it's
56%
It's
56%
rebel
56%
still
56%
weed
56%
co-operating
55%
Debbie!
55%
parents
55%
shut
55%
Bitch!
54%
by
54%
By
54%
da
54%
heavy
54%
their
54%
all
53%
cum
53%
hospital
53%
husband's
53%
rocking
53%
feeling
52%
Obie
52%
Or
52%
tits,
52%
jump-
51%
problem's
51%
ready
51%
shit's
50%
mean
49%
said
49%
settled
49%
stop
49%
than
49%
Than
49%
thing
49%
real
48%
rebellious
48%
shock
48%
since
48%
can
47%
long,
47%
name,
47%
scary
47%
someone
47%
vision
47%
am
46%
Embarrassed,
46%
there
46%
how
45%
lawsuits,
45%
Ms.
45%
music
45%
revolution,
45%
visionary,
45%
waited
45%
yells,
45%
complicating
44%
debating
44%
gimmicks
44%
kissing
44%
Presley
44%
too
44%
tried
44%
Black
43%
comes
43%
everyone
43%
mission
43%
quicker
43%
Trice,
43%
don't
42%
much
42%
ovulating
42%
sea
42%
shocked
42%
ten
42%
vodka
42%
Attention
41%
attention,
41%
fish
41%
helpless
41%
king
41%
'Til
41%
you're
41%
best
40%
disaster,
40%
first
40%
old,
40%
old
40%
please
40%
techno
40%
worst
40%
catastrophe
39%
Chris
39%
damn
39%
disgusting
39%
Here's
39%
let's
39%
many
39%
matter
39%
rag
39%
along
38%
cents;
38%
cents
38%
fact
38%
into
38%
kicked
38%
listens
38%
must
38%
seems
38%
such
38%
white
38%
asked
37%
discuss
37%
hellions,
37%
myself
37%
only
37%
rappers
37%
sent?
37%
sent
37%
mentions
36%
million
36%
Moby?
36%
use
36%
obscene
35%
Prince
35%
year
35%
Could
34%
ears
34%
prisoners,
34%
soon
34%
that'll
34%
wealthy
34%
Fix
33%
himself
33%
over,
33%
selfishly
33%
signal
33%
symbol
33%
tat
33%
tension
33%
turned
33%
concept
32%
dip,
32%
emerge
32%
interesting
32%
nesting
32%
polluting
32%
wrestling,
32%
center
31%
new
31%
skin
31%
sometimes,
31%
thirty-six
31%
Twenty
31%
works
31%
bum
30%
other
30%
splinter
30%
talking
30%
Testing,
30%
Worse
30%
Cheney
29%
revel
29%
Anybody
28%
bask
28%
been
28%
whole
28%
airwaves,
27%
gonna
27%
winter,
27%
There's
26%
tune
26%
up
26%
antenna,
25%
full
24%
stomped
24%
infesting
23%
insults
23%
It'd
23%
nuisance,
23%
under
23%
Bizkit
22%
blow
22%
Enter
22%
pencil
22%
tasket,
22%
them
22%
bastards
21%
dope,
21%
fag,
21%
tisket
21%
Kirkpatrick,
20%
Limp
20%
bent
19%
Though
19%
suspenseful
18%
baldheaded
12%
Hum,
8%
dei
6%

Score Distribution

Percentile by Number Answered

Percent of People with Each Score

Your Score History

You have not taken this quiz